|
|
|
|
| LEADER |
01511nam a2200349 a 4500 |
| 001 |
000551440 |
| 003 |
CZ BrMZK |
| 005 |
20250317085542.0 |
| 007 |
ta |
| 008 |
010907s2000 xr a g 000 p cze d |
| 015 |
|
|
|a cnb000996897
|
| 020 |
|
|
|a 80-204-0884-3
|q (vázáno)
|
| 035 |
|
|
|a (OCoLC)47281831
|
| 040 |
|
|
|a BOA001
|b cze
|
| 072 |
|
7 |
|a 821.162.3-1
|x Česká poezie
|2 Konspekt
|9 25
|
| 080 |
|
|
|a 821.162.3-1
|2 MRF
|
| 080 |
|
|
|a (0:82-1)
|2 MRF
|
| 100 |
1 |
|
|a Skácel, Jan,
|d 1922-1989
|7 jk01111393
|
| 245 |
1 |
0 |
|a Květy z nahořklého dřeva /
|c Jan Skácel ; [uspořádal, k vydání připravil a doslov napsal Jiří Opelík ; ilustrační doprovod je tvořen reprodukcemi kreseb a olejomalby Petra Skácela]
|
| 250 |
|
|
|a Vyd. 1.
|
| 260 |
|
|
|a Praha :
|b Mladá fronta,
|c 2000
|
| 300 |
|
|
|a 204 s. :
|b il. ;
|c 20 cm
|
| 490 |
1 |
|
|a Klub přátel poezie. Základní řada
|
| 655 |
|
7 |
|a česká poezie
|7 fd133958
|2 czenas
|
| 700 |
1 |
|
|a Skácel, Petr,
|d 1924-1993
|7 jn99240001088
|
| 700 |
1 |
|
|a Opelík, Jiří,
|d 1930-2024
|7 jk01091179
|
| 830 |
|
0 |
|a Klub přátel poezie (Mladá fronta).
|p Základní řada
|
| 910 |
|
|
|a BOA001
|b 2-1083.007
|b KMK-0002.580
|
| 990 |
|
|
|a BK
|
| 996 |
6 |
|
|b 2610130780
|c 2-1083.007
|l MZK
|r Sklad / do 1 hodiny
|n 19
|p p.v.
|w 000551440
|u 000010
|a 1
|e BOA001
|j MZK50
|s P
|
| 996 |
7 |
|
|b 2610760293
|c 2-1083.007
|l MZK
|r Sklad / do 1 hodiny
|n 13
|p dar
|w 000551440
|u 000020
|a 1
|e BOA001
|j MZK50
|s A
|
| 996 |
6 |
|
|b 261K004925
|c KMK-0002.580
|l MZK
|r K. M. Kundery - 1. patro
|n 0
|p dar
|h H/01-0294a
|w 000551440
|u 000030
|a 1
|e BOA001
|j MZK50
|s P
|